Accounts at a glance, Tamil Nadu (Record no. 481338)

000 -LEADER
fixed length control field 00440cam a22001217a 4500
008 - FIXED-LENGTH DATA ELEMENTS--GENERAL INFORMATION
fixed length control field 180718b-- xxu||||| |||| 00| 0 eng d
082 ## - DEWEY DECIMAL CLASSIFICATION NUMBER
Classification number L906x5452 G
245 ## - TITLE STATEMENT
Title Accounts at a glance, Tamil Nadu
260 ## - PUBLICATION, DISTRIBUTION, ETC.
Place of publication, distribution, etc. Chennai
Name of publisher, distributor, etc. Accountant General (Accounts and Entitlements)
Date of publication, distribution, etc. --
500 ## - GENERAL NOTE
General note Library has 2005/06-2006/07
650 ## - SUBJECT ADDED ENTRY--TOPICAL TERM
Topical term or geographic name entry element Tamil Nadu - Appropriations and expenditures
700 ## - ADDED ENTRY--PERSONAL NAME
Personal name Tamil Nadu. Accountant General (Accounts and Entitlements)
Holdings
Withdrawn status Lost status Damaged status Not for loan Permanent Location Current Location Date acquired Full call number Barcode Date last seen Price effective from Koha item type
        Indian Institute of Public Administration Indian Institute of Public Administration 2018-08-04 L906x5452 G GG29186 2018-08-04 2018-08-04 GG
        Indian Institute of Public Administration Indian Institute of Public Administration 2018-08-04 L906x5452 G GG28917 2018-08-04 2018-08-04 GG

Powered by Koha